000 00858nam a2200265 i 4500
001 bg
100 1 _aSkrzypczyński, Piotr.
245 1 0 _aMetody analizy i redukcji niepewności percepcji w systemie nawigacji robota mobilnego /
_cPiotr Skrzypczyński.
260 _aPoznań :
_bWydawnictwo Politechniki Poznańskiej,
_c2007.
300 _a253 s. :
_bil. ;
_c24 cm.
490 1 _aRozprawy / Politechnika Poznańska,
_x0551-6528 ;
_vnr 407
504 _aBibliogr. s. 239-252.
546 _aStreszcz. ang.
650 9 _aRoboty mobilne
650 9 _aSterowanie
830 0 _aRozprawy - Politechnika Poznańska
_x0551-6528
_vnr 407
015 _aPB 6190/2007
020 _a9788371432620
040 _cBPK
041 0 _apol
_beng
080 _a007.5:681.5
920 _a978-83-7143-262-0
942 _cKS
008 070215s2007 pl a f |000 0 pol
999 _c54047
_d54047
856 _uhttp://koha.tu.koszalin.pl/cgi-bin/koha/opac-detail.pl?biblionumber=54047
_yKatalog online BPK